| 000 | 00413nam a2200193Ia 4500 | ||
|---|---|---|---|
| 001 | 003649 | ||
| 003 | YMCAF | ||
| 005 | 20230512160227.0 | ||
| 008 | 100717s9999 ||||||||||||||||| ||und|d | ||
| 024 | _a3649 | ||
| 035 | _a3626 | ||
| 040 |
_aYMCAF _beng _cIN-KoLT |
||
| 041 | _aeng | ||
| 082 | _aFUN-W4 | ||
| 100 | _aWILSON FRANK.W. | ||
| 245 | 0 | _aFUNDAMENTALS OF TOOL DESIGN | |
| 300 | _a653 | ||
| 942 |
_2ddc _cBK |
||
| 999 |
_c2877 _d2877 |
||